Govt. of
Madhya Pradesh

Normal view MARC view

Entry Personal Name

Number of records used in: 2

001 - CONTROL NUMBER

  • control field: 23051

003 - CONTROL NUMBER IDENTIFIER

  • control field: OSt

005 - DATE AND TIME OF LATEST TRANSACTION

  • control field: 20151227122050.0

008 - FIXED-LENGTH DATA ELEMENTS

  • fixed length control field: 151227|| aca||aabn | a|a d

040 ## - CATALOGING SOURCE

  • Original cataloging agency: OSt
  • Transcribing agency: OSt

100 ## - HEADING--PERSONAL NAME

  • Personal name: Naidu, B V Narayanaswami

670 ## - SOURCE DATA FOUND

  • Source citation: Work cat.: (OSt)36415: Naidu, B V Narayanaswami, Journal Of the Annamalai University, 1936